• 首页
  • 本馆介绍
  • 公告通知
  • 最新文献
  • 馆藏检索
  • 电子资源
  • 读者导购
  • 参考咨询
  • 我的图书馆
  • 登录
  • 详细信息显示
  • 放入我的书架
  • 预约/预借图书
  • 作者相关作品
  • 分类相关作品
  • 丛书相关作品
  • 出版社相关作品

书目信息

  • 表格格式
  • 工作单格式
  • 卡片格式
题名:
争雄世界
    
 
作者: 费舍尔 , Fischer 著 ;何江 , 李世隆 译
分册: 下  
出版信息: 北京   商务印书馆  1987
页数: 585-997页
开本: 20cm
丛书名:
单 册:
中图分类: K516.42
科图分类:
主题词: 第一次世界大战--德国--史料
电子资源:
ISBN: 7-100-00359-8
000 01023nam0 2200301 45
001 0187008955
005 20040512082754.6
010    @a7-100-00359-8@dCNY6.80
100    @a19900830d1987 kemy0chiy0121 ea
101 1  @achi@cger
102    @aCN@b110000
105    @ay z 000yd
106    @ar
200 10 @a争雄世界@h下@Azheng xiong shi jie@e德意志帝国1914~1918年战争目标政策@f(联邦德国)费舍尔(Fischer,F.)著@g何江, 李世隆译
210    @a北京@c商务印书馆@d1987
215    @a585-997页@d20cm
300    @a书名原文: Griff nach der weitmacht
510 1  @aGriff nach der weitmacht@zger
517 1  @a德意志帝国1914~1918年战争目标政策@Ade yi zhi di guo 1914 ~ 1918 nian zhan zheng mu biao zheng ce
606    @a第一次世界大战@y德国@x史料
690    @aK516.42@v3
701  1 @a费舍尔@Afei she er@bF.@4著
701 A1 @aFischer@bF.@4著
702  0 @a何江@Ahe jiang@4译
702  0 @a李世隆@Ali shi long@4译
801  0 @aCN@b深圳图书馆@c20040512
801  2 @aCN@bNLC@c20040512
905    @f1@b208046@dK516.42@e13:2
    
    争雄世界.下:德意志帝国1914~1918年战争目标政策/(联邦德国)费舍尔(Fischer,F.)著/何江, 李世隆译.-北京:商务印书馆,1987
    585-997页;20cm
    书名原文: Griff nach der weitmacht
    
    ISBN 7-100-00359-8:CNY6.80
    
●
相关链接 在E读中查询图书 在五车中查询图书 在当当中查询图书 在豆瓣中查询图书


正题名:争雄世界     索取号:K516.42/13:2         预约/预借

序号 登录号 条形码 馆藏地/架位号 状态 备注
1 0208046   001395305   第二借阅区/ [索取号:K516.42/13:2] 在馆    
2 0208047   001395181   第二样本阅览室/ [索取号:K516.42/13:2] 在馆    
唐山师范学院图书馆 欢迎您!
大连网信软件有限公司© 版权所有